000 00423nam a2200181Ia 4500
005 20240823041411.0
008 240823s9999||||xx |||||||||||||| ||und||
041 _aENGLISH
082 _A604.2 P0
100 _aNataraajan K V
245 0 _aEngineering Drawing and Graphics
250 _a14th
260 _c2000
_bDhanalaks
500 _aTRANSFERED
650 _aDrawing
_bMechanical
942 _cBK
999 _c205412
_d205412